000 00212nam a2200085Ia 4500
008 120527s9999 xx 000 0 und d
100 _aStewart, et al
245 _aPrecalculus mathematics for calculus
942 _cBK
999 _c27868
_d27868